Química /
Guardado en:
| Otros Autores: | |
|---|---|
| Formato: | Libro |
| Idioma: | Spanish English |
| Publicado: |
México :
McGraw-Hill Interamericana,
c2010.
|
| Edición: | 10a ed. |
| Acceso en línea: | Acceso a texto completo |
| Etiquetas: | Agregar Etiqueta |
| LEADER | 00810nam a22002055a 4500 | ||
|---|---|---|---|
| 001 | EEA.libagro009094 | ||
| 008 | 111003s2010####mx############001#0#spa#d | ||
| 005 | 20200410151919.0 | ||
| 245 | 1 | 0 | |a Química / |c Raymond Chang ; revisión técnica: Rodolfo Álvarez Manzo, Silvia Ponce López, Rosa Zugazagoitia Herranz. |
| 250 | |a 10a ed. | ||
| 260 | |a México : |b McGraw-Hill Interamericana, |c c2010. | ||
| 300 | |a xxx, 1085, [49] p. : |b il. col. ; |c 28 cm. | ||
| 500 | |a Traducción de: Chemistry, 10th ed.; publicado por McGraw-Hill, c2010. | ||
| 500 | |a Incluye índice. | ||
| 020 | |a 9786071503077 | ||
| 700 | 1 | |a Chang, Raymond. | |
| 082 | 0 | 4 | |a 540 |
| 041 | 1 | |a spa |h eng | |
| 856 | |3 Acceso a texto completo |u https://elibro.net/es/lc/unsbiblio/titulos/101889?prev=bf | ||
| 859 | |a AR-BbBCA |b BIB. AGRONOMIA |h 540 |i C456a10 |p 2012/6110 | ||
